Responses for Show #7250 - Friday, March 4, 2016

Contestants

[<< previous game]

Natasha Gainey, an artist from Decatur, Georgia

Therese Jones, a space policy analyst originally from State College, Pennsylvania

Rachel Zoch, a writer and editor from Deer Park, Texas (whose 3-day cash winnings total $42,699)

[next game >>]

Jeopardy! Round responses

"J"EOGRAPHY
CELEBRITY ENTREPRENEURS
COMPLETES THE TONY-WINNING PLAY TITLE
POPULAR 1880s FEMALE BABY NAMES
THE TYPE OF TRANSPORT
COMPOUND WORD CONSTRUCTION
    $200 5
the Jordan

Therese
    $200 26
Merv Griffin

Natasha
    $200 4
Children

Natasha
    $200 15
Mary

Rachel
    $200 21
[Alex and Therese laugh that she got to the clue after her interview about being a space policy analyst.]

Space Shuttle

Therese
    $200 10
a raincheck

Therese
    $400 6
the Jutland

Therese
    $400 27
the Olsens

Rachel
    $400 2
Osage

Rachel
    $400 20
Minnie

Therese
    $400 22
(Rachel: What is a blimp?)

a Zeppelin

RachelTherese
    $400 11
a graveyard

Therese
    $600 7
(Rachel: What is Jalisco?)

Juárez

RachelTherese
    $600 28
Robert de Niro

Natasha
    $600 1
Tattoo

Triple Stumper
    $600 19
Gertrude

Therese
    $600 23
trains

Rachel
    $600 12
(Rachel: What is keyboard?)

keystroke

RachelTherese
    $800 8
(Therese: What is Jaipur?)
(Natasha: What is Jabpur?)

Jammu

ThereseNatasha
Triple Stumper
    $800 29
Jay-Z

Rachel
    $800 3
(Rachel: What is Winning?)

Championship

Rachel
Triple Stumper
    $800 18
Florence

Natasha
    $800 24
(Alex: That was the Russian nuclear [*].)

submarine

Triple Stumper
    $800 13
foreshadow

Natasha
    $1000 9
Jungfrau

Natasha
    $1000 30
Bethenny Frankel

Therese
    $1000 16
Compassion

Rachel
    $1000 17
Nellie

Natasha
    $1000 25
a ferry boat

Triple Stumper
    $1,200 14
(Alex: Natasha?)
(Natasha: I don't know.)

a daredevil

Natasha

Scores at the first commercial break (after clue 14):

Rachel Therese Natasha
-$1,600 $1,600 $0

Scores at the end of the Jeopardy! Round:

Rachel Therese Natasha
$1,000 $4,200 $2,600

Double Jeopardy! Round responses

CAVES
ART CLASS
YOU'RE HISTORY!
U.S. LIBRARIES
DEATH... WHAT A CHARACTER!
"YES" "NO" "OR" "MAY" "BE"
    $400 30
glowworms

Natasha
    $400 7
(Natasha: What is découpage?)

collage

RachelNatasha
    $400 19
John Paul Jones

Therese
    $400 16
the Library of Congress

Therese
    $400 1
Brad Pitt

Triple Stumper
    $400 11
(Rachel: What is "Let It Be"?)

"Yesterday"

Rachel
Triple Stumper
    $800 27
crystals

Therese
    $800 8
charcoal

Natasha
    $800 21
Cleopatra

Natasha
    $800 17
New Jersey

Rachel
    $800 2
Bill & Ted

Natasha
    $800 12
noble

Rachel
    $1200 20
Mammoth Cave

Natasha
    $1200 6
(Natasha: What is spectrum?)

palette

RachelNatasha
    $2,000 22
Robespierre

Natasha
    $1200 18
Billy Graham

Natasha
    $1200 3
Monty Python

Natasha
    $1200 13
orient

Natasha
    $1600 25
stalagmites

Therese
    $1600 9
sand

Rachel
    $1600 23
(Rachel: Who is Melanchthon?)

John Calvin

Rachel
Triple Stumper
    $2,000 28
(Therese: Uh, Annapolis?)

Bethesda

Therese
    $1600 4
Family Guy

Therese
    $1600 14
(Alex: Yes. You figured out the pattern, I think.)

mayhem

Natasha
    $2000 26
Paleolithic

Natasha
    $2000 10
watercolor

Natasha
    $2000 24
(Christiaan) Huygens

Therese
    $2000 29
(Rachel: Who is Eudora Welty?)

Rosa Parks

Rachel
Triple Stumper
    $2000 5
The Seventh Seal

Triple Stumper
    $2000 15
the Beatitudes

Rachel

Scores at the end of the Double Jeopardy! Round:

Rachel Therese Natasha
$3,800 $9,000 $16,200

[wagering suggestions for these scores]

Final Jeopardy! Round responses

POP MUSIC MILESTONES
(Alex: [To Natasha] I said you'd get to roar. [*], hear me roar.)
(Natasha: Oh, Helen Reddy.)
RachelWhat is Back in Black? Black
$3,799
ThereseWhat is Jack & Diane
$5,400
NatashaWhat is Kan.
$2,000
"I Am Woman"

Final scores:

Rachel Therese Natasha
$1 $3,600 $14,200
3rd place: $1,000 2nd place: $2,000 New champion: $14,200

Game dynamics:

Coryat scores:

Rachel Therese Natasha
$3,800 $11,000 $16,600
12 R,
7 W
17 R,
2 W
(including 1 DD)
19 R
(including 1 DD),
4 W
(including 1 DD)

Combined Coryat: $31,400

[game clues] [game scores] [suggest correction]

Game tape date: 2016-01-14
The J! Archive is created by fans, for fans. Scraping, republication, monetization, and malicious use prohibited; this site may use cookies and collect identifying information. See terms. The Jeopardy! game show and all elements thereof, including but not limited to copyright and trademark thereto, are the property of Jeopardy Productions, Inc. and are protected under law. This website is not affiliated with, sponsored by, or operated by Jeopardy Productions, Inc. Join the discussion at JBoard.tv.